Statistics for House M.D. Trivia

Click here to take the quiz!

General Stats

  • This quiz has been taken 7,983 times
  • The average score is 14 of 24

Answer Stats

HintAnswer% Correct
What is House's first name?Greg
89%
And what is his speciality?Oncology
82%
Who is Dean of Medicine? (seasons 1-7)Dr. Lisa Cuddy
81%
According to House, patients do what? (Hint: 3-letter word)Lie
81%
What drug does House most commonly abuse?Vicodine
80%
Who is House's "sidekick" and only friend?Dr. James Wilson
79%
What is the name of the actor who plays House?Hugh Laurie
79%
Dr. House is partially based on which famous literary character?Sherlock Holmes
70%
What department does House lead?Diagnostics
69%
It's never what disease? (Except for the time it was)Lupus
65%
In what U.S. state does the show take place?New Jersey
63%
Original team memberDr. Robert Chase
62%
Which actress plays "13"?Olivia Wilde
60%
Original team memberDr. Eric Foreman
57%
Original team memberDr. Allison Cameron
55%
And, specifically, what city?Princeton
52%
After the end credits, what phrase is uttered?That's some
bad {hat}, Harry
49%
Foreman's specialityNeurology
46%
Kal Penn, who starred in seasons 4-5, is better known for portraying what movie character?Kumar Patel
42%
Chase's specialitySurgery
41%
What method is used to diagnose patients?{Differential} Diagnosis
33%
Where did House go to Med School?Johns Hopkins / Michigan
33%
Which musical group recorded the theme song?Massive Attack
26%
Cameron's specialityImmunology
24%

Score Distribution

Percentile by Number Answered

Percent of People with Each Score

Your Score History

You have not taken this quiz